| 000 | 00396nam a2200109Ia 4500 | ||
|---|---|---|---|
| 008 | 160909s9999 xx 000 0 und d | ||
| 100 | _aGuillaume-Joseph, Gina | ||
| 245 | _aImproving Software Project Outcomes through Predictive Analytics | ||
| 260 |
_bThe George Washington University. _c2016 |
||
| 650 | _aFINANCIAL MANAGEMENT | ||
| 856 | _uhttp://pqdtopen.proquest.com/doc/1752636196.html?FMT=ABS | ||
| 999 |
_c304570 _d304570 |
||